000 00389nam a2200133Ia 4500
005 20260326235450.0
008 260326s9999||||xx |||||||||||||| ||und||
100 _aRodríguez, Hipólito
245 0 _aVeracruz :
_b La Ciudad hecha de mar 1519-1821 /
_cHipólito Rodríguez
260 _bInstituto Veracruzano de Cultura
300 _a405 p.
650 _aARQUITECTURA REGIONAL
942 _cBK
999 _c7730
_d7730